UBT Library

Managing your personal finances / (Record no. 39652)

000 -LEADER
fixed length control field 00639cam a2200229 a 4500
001 - CONTROL NUMBER
control field 16127227
005 - DATE AND TIME OF LATEST TRANSACTION
control field 20180103081407.0
008 - FIXED-LENGTH DATA ELEMENTS--GENERAL INFORMATION
fixed length control field 100309s2010 at a 001 0 eng
010 ## - LIBRARY OF CONGRESS CONTROL NUMBER
LC control number 2010286219
020 ## - INTERNATIONAL STANDARD BOOK NUMBER
International Standard Book Number 9780538449373
020 ## - INTERNATIONAL STANDARD BOOK NUMBER
International Standard Book Number 0538449373
040 ## - CATALOGING SOURCE
Original cataloging agency DLC
Transcribing agency DLC
Modifying agency DLC
041 ## - LANGUAGE CODE
Language code of text/sound track or separate title eng
080 ## - UNIVERSAL DECIMAL CLASSIFICATION NUMBER
Universal Decimal Classification number 332.024
082 00 - DEWEY DECIMAL CLASSIFICATION NUMBER
Classification number 332.024 RYA
Edition number 22
100 1# - Rafti
Rafti 56
101 ## - Shkurtesa
Shkurtesa FIN
245 10 - TITLE STATEMENT
Title Managing your personal finances /
Statement of responsibility, etc Joan S. Ryan.
906 ## - LOCAL DATA ELEMENT F, LDF (RLIN)
a 7
b cbc
c origcop
d 3
e ncip
f 20
g y-gencatlg
942 ## - ADDED ENTRY ELEMENTS (KOHA)
Source of classification or shelving scheme
Item type Books
Holdings
Withdrawn status Lost status Source of classification or shelving scheme Damaged status Not for loan Collection code Permanent location Current location Shelving location Date acquired Total Checkouts Full call number Barcode Date last seen Price effective from Koha item type
          Koleksioni i përgjithshem UBT - Lipjan UBT - Lipjan Koleksioni i përgjithshem 01/03/2018   332.024 RYA 002-2994227 01/03/2018 01/03/2018 Books
UBT Library © 2015-2024. All rights reserved University Education for Business and Technology